|
|
|
|
| LEADER |
01249nam a2200325 a 4500 |
| 001 |
11900832 |
| 003 |
BD-DhAAL |
| 005 |
20230525143919.0 |
| 008 |
090702s1999 it a bc 000 0deng d |
| 010 |
|
|
|a 00295498
|
| 020 |
|
|
|a 8881185253
|
| 040 |
|
|
|a DLC
|c DLC
|d BD-DhAAL
|
| 082 |
0 |
0 |
|a 725.3909045
|2 21
|
| 100 |
1 |
|
|a Molinari, Luca.
|9 32182
|
| 245 |
1 |
0 |
|a Santiago Calatrava /
|c Luca Molinari ; schede di Erika Samsa ; percorso fotografico di Paolo Rosselli.
|
| 260 |
|
|
|a Milano :
|b Skira,
|c c1999.
|
| 300 |
|
|
|a 221 p. :
|b ill. (some col.) ;
|c 21 cm.
|
| 490 |
1 |
|
|a Biblioteca di architettura Skira ;
|v 1
|
| 504 |
|
|
|a Includes bibliographical references (p. 218).
|
| 541 |
1 |
|
|e 00013786
|
| 600 |
1 |
0 |
|a Calatrava, Santiago,
|d 1951-
|v Catalogs.
|9 54377
|
| 650 |
|
0 |
|a Architecture, Modern
|y 20th century
|v Catalogs.
|
| 650 |
|
0 |
|a Architecture
|x Technological innovations.
|
| 700 |
1 |
|
|a Calatrava, Santiago,
|d 1951-
|9 54378
|
| 700 |
1 |
|
|a Samsa, Erika.
|9 54379
|
| 700 |
1 |
|
|a Rosselli, Paolo.
|9 54380
|
| 852 |
4 |
|
|a Ayesha Abed Library
|j General Shelf.
|
| 942 |
|
|
|2 ddc
|c BK
|
| 999 |
|
|
|c 1981
|d 1981
|
| 952 |
|
|
|0 0
|1 0
|2 ddc
|4 0
|6 725_3909045_MOL
|7 0
|9 1818
|a BRACUL
|b BRACUL
|c GEN
|d 2009-07-02
|l 16
|m 130
|o 725\.39\09045 MOL
|p 3010013786
|r 2025-03-05
|s 2024-05-12
|t 1
|w 2009-07-02
|y BK
|